Coaches of the Geelong Cats - Statistics

General Stats
  • This quiz has been taken 19 times
  • The average score is 4 of 32
Answer Stats
Years Coach % Correct
2011- Chris Scott
100%
2000-2010 Mark Thompson
82%
1989-1994 Malcolm Blight
64%
1995-1999 Gary Ayres
36%
1956-1965 Bob Davis
27%
1980-1982 Bill Goggin
9%
1925-1927 Cliff Rankin
9%
1973-1975 Graham Farmer
9%
1966-1970 Peter Pianto
9%
1932-1959 Ref Hickey
9%
1983-1985 Tom Hafey
9%
1920 Alec Eason
0%
1940 Allan Everett
0%
1929-1934 Arthur Coghlan
0%
1923 Bert Taylor
0%
1912-1913 Bill Eason
0%
1971-1972 Bill McMaster
0%
1914 Billy Orchard
0%
1931 Charlie Clymo
0%
1936 Charlie Dibbs
0%
1910-1911 Dave Hickinbotham
0%
1945 Jack Williams
0%
1986-1988 John Devine
0%
1941 Len Metherell
0%
1940 Les Laver
0%
1924 Lloyd Hagger
0%
1963 Neil Trezise
0%
1935 Percy Parratt
0%
1976-1979 Rod Olsson
0%
1944 Tom Arklay
0%
1928 Tom Fitzmaurice
0%
1946-1948 Tommy Quinn
0%
No matching quizzes found
Score Distribution
Percent of People with Each Score
Percentile by Number Answered
Your Score History
You have not taken this quiz